[Event "Mistrovstvi Cech 2019 - U14"]
[Site "?"]
[Date "2019.10.26"]
[Round "1.2"]
[White "Hlavina, Matous"]
[Black "Fotr, Michal"]
[Result "1-0"]
[BlackElo "1430"]
[WhiteElo "1983"]
[LiveChessVersion "1.4.8"]

1. e4 {[%clk 1:30:56]} e5 {[%clk 1:30:56]} 2. Nf3 {[%clk 1:31:21]} Nf6
{[%clk 1:31:22]} 3. Nxe5 {[%clk 1:31:39]} d6 {[%clk 1:31:49]} 4. Nf3
{[%clk 1:32:03]} Nxe4 {[%clk 1:32:13]} 5. Nc3 {[%clk 1:31:52]} Nf6
{[%clk 1:32:30]} 6. d4 {[%clk 1:31:57]} d5 {[%clk 1:32:51]} 7. Bd3
{[%clk 1:31:43]} Bg4 {[%clk 1:33:07]} 8. O-O {[%clk 1:31:52]} Nc6
{[%clk 1:32:45]} 9. Re1+ {[%clk 1:31:02]} Be7 {[%clk 1:33:06]} 10. Be2
{[%clk 1:30:35]} O-O {[%clk 1:32:37]} 11. Ne5 {[%clk 1:29:36]} Bxe2
{[%clk 1:30:15]} 12. Rxe2 {[%clk 1:28:33]} Re8 {[%clk 1:21:34]} 13. Bg5
{[%clk 1:27:23]} Nb4 {[%clk 1:17:12]} 14. a3 {[%clk 1:25:56]} Na6
{[%clk 1:16:33]} 15. b4 {[%clk 1:23:23]} c6 {[%clk 1:16:17]} 16. Qd3
{[%clk 1:21:51]} Nc7 {[%clk 1:15:47]} 17. Na4 {[%clk 1:16:54]} Ne6
{[%clk 1:15:48]} 18. Be3 {[%clk 1:14:34]} a5 {[%clk 1:12:44]} 19. b5
{[%clk 1:10:45]} Qc7 {[%clk 1:11:36]} 20. bxc6 {[%clk 1:08:18]} bxc6
{[%clk 1:11:44]} 21. c4 {[%clk 1:07:31]} Bd6 {[%clk 1:09:56]} 22. f4
{[%clk 1:04:06]} Ne4 {[%clk 1:07:28]} 23. Rc2 {[%clk 0:58:28]} f6
{[%clk 1:05:46]} 24. cxd5 {[%clk 0:55:02]} fxe5 {[%clk 1:03:07]} 25. Rxc6
{[%clk 0:52:03]} Qd7 {[%clk 1:02:16]} 26. Nb6 {[%clk 0:51:16]} Qd8
{[%clk 0:50:54]} 27. fxe5 {[%clk 0:48:08]} 1-0

[Event "Mistrovstvi Cech 2019 - U14"]
[Site "?"]
[Date "2019.10.26"]
[Round "1.3"]
[White "Caba, Adam"]
[Black "Smolik, Jachym"]
[Result "0-1"]
[BlackElo "1900"]
[WhiteElo "1399"]
[LiveChessVersion "1.4.8"]

1. e4 {[%clk 1:30:51]} c5 {[%clk 1:30:59]} 2. Nf3 {[%clk 1:31:07]} e6
{[%clk 1:31:23]} 3. d4 {[%clk 1:31:18]} cxd4 {[%clk 1:31:47]} 4. Nxd4
{[%clk 1:31:11]} Nf6 {[%clk 1:32:10]} 5. Nc3 {[%clk 1:31:19]} Bb4
{[%clk 1:32:25]} 6. Bd3 {[%clk 1:30:19]} Nc6 {[%clk 1:29:24]} 7. Nxc6
{[%clk 1:30:19]} bxc6 {[%clk 1:29:44]} 8. Bd2 {[%clk 1:30:26]} d5
{[%clk 1:28:25]} 9. O-O {[%clk 1:29:08]} a5 {[%clk 1:20:10]} 10. Re1
{[%clk 1:26:19]} d4 {[%clk 1:17:48]} 11. Ne2 {[%clk 1:25:32]} Bxd2
{[%clk 1:16:26]} 12. Qxd2 {[%clk 1:25:47]} O-O {[%clk 1:15:14]} 13. Rad1
{[%clk 1:25:01]} e5 {[%clk 1:15:15]} 14. Ng3 {[%clk 1:22:17]} Qe7
{[%clk 1:08:00]} 15. a4 {[%clk 1:18:48]} Ne8 {[%clk 1:01:51]} 16. f4
{[%clk 1:14:24]} Nc7 {[%clk 0:55:03]} 17. b3 {[%clk 1:13:55]} Qd6
{[%clk 0:51:01]} 18. fxe5 {[%clk 1:12:53]} Qxe5 {[%clk 0:51:30]} 19. Bc4
{[%clk 1:12:21]} c5 {[%clk 0:51:50]} 20. Rf1 {[%clk 1:10:45]} g6 {[%clk 0:38:32]}
21. Rxf7 {[%clk 1:07:04]} Rxf7 {[%clk 0:38:28]} 22. Bxf7+ {[%clk 1:03:07]} Kxf7
{[%clk 0:38:51]} 23. Qh6 {[%clk 1:02:50]} Kg8 {[%clk 0:37:42]} 24. Rf1
{[%clk 1:02:27]} Ne6 {[%clk 0:36:38]} 25. Ne2 {[%clk 1:01:55]} Ba6
{[%clk 0:36:48]} 26. Re1 {[%clk 1:02:00]} Qxe4 {[%clk 0:36:30]} 27. Qd2
{[%clk 1:02:04]} Qe3+ {[%clk 0:36:14]} 28. Qxe3 {[%clk 1:02:27]} dxe3
{[%clk 0:36:40]} 29. Nc3 {[%clk 1:02:39]} Rf8 {[%clk 0:36:23]} 30. Nb5
{[%clk 1:02:35]} Nd4 {[%clk 0:36:37]} 31. Nxd4 {[%clk 1:02:49]} cxd4
{[%clk 0:37:04]} 32. c4 {[%clk 1:02:58]} dxc3 {[%clk 0:37:28]} 0-1

[Event "Mistrovstvi Cech 2019 - U14"]
[Site "?"]
[Date "2019.10.26"]
[Round "1.4"]
[White "Soucek, Petr"]
[Black "Seidl, Jan"]
[Result "1-0"]
[BlackElo "1396"]
[WhiteElo "1816"]
[LiveChessVersion "1.4.8"]

1. Nf3 {[%clk 1:30:26]} d5 {[%clk 1:30:33]} 2. e3 {[%clk 1:30:50]} Nf6
{[%clk 1:30:31]} 3. c4 {[%clk 1:30:18]} c6 {[%clk 1:29:17]} 4. b3
{[%clk 1:30:41]} Bg4 {[%clk 1:25:35]} 5. Bb2 {[%clk 1:29:53]} e6 {[%clk 1:24:42]}
6. h3 {[%clk 1:26:29]} Bh5 {[%clk 1:24:07]} 7. Be2 {[%clk 1:24:08]} Nbd7
{[%clk 1:21:29]} 8. O-O {[%clk 1:24:00]} Bd6 {[%clk 1:19:57]} 9. d4
{[%clk 1:23:10]} O-O {[%clk 1:16:38]} 10. Nbd2 {[%clk 1:23:05]} Re8
{[%clk 1:13:51]} 11. Ne5 {[%clk 1:21:18]} Bxe2 {[%clk 1:13:19]} 12. Qxe2
{[%clk 1:21:42]} c5 {[%clk 1:08:36]} 13. f4 {[%clk 1:19:31]} Rc8 {[%clk 1:04:51]}
14. Rad1 {[%clk 1:15:25]} Qb6 {[%clk 0:59:25]} 15. Ndf3 {[%clk 1:11:28]} Re7
{[%clk 0:52:58]} 16. cxd5 {[%clk 1:03:35]} exd5 {[%clk 0:51:54]} 17. Nh4
{[%clk 1:01:34]} g6 {[%clk 0:44:38]} 18. Rc1 {[%clk 0:59:25]} Ne4
{[%clk 0:41:57]} 19. Qg4 {[%clk 0:54:39]} Nef6 {[%clk 0:34:57]} 20. Nxd7
{[%clk 0:51:01]} Rxd7 {[%clk 0:35:14]} 21. Qg5 {[%clk 0:50:27]} Ne4
{[%clk 0:34:52]} 22. Qxd5 {[%clk 0:44:32]} Qc6 {[%clk 0:33:33]} 23. Qxc6
{[%clk 0:43:57]} Rxc6 {[%clk 0:33:58]} 24. Nf3 {[%clk 0:43:33]} Ng3
{[%clk 0:32:25]} 25. Rfe1 {[%clk 0:43:17]} Re7 {[%clk 0:31:59]} 26. d5
{[%clk 0:39:37]} Ra6 {[%clk 0:31:06]} 27. Be5 {[%clk 0:31:37]} Ne4
{[%clk 0:29:36]} 28. Rc2 {[%clk 0:28:34]} f6 {[%clk 0:29:16]} 29. Rc4
{[%clk 0:23:52]} fxe5 {[%clk 0:24:56]} 30. Rxe4 {[%clk 0:23:05]} exf4
{[%clk 0:24:36]} 31. Rxe7 {[%clk 0:21:18]} Bxe7 {[%clk 0:24:56]} 32. e4
{[%clk 0:19:19]} Kf7 {[%clk 0:24:26]} 33. Re2 {[%clk 0:18:47]} Rd6
{[%clk 0:23:13]} 34. Rd2 {[%clk 0:18:31]} h6 {[%clk 0:22:57]} 35. e5
{[%clk 0:18:00]} Rd8 {[%clk 0:22:52]} 36. Rd3 {[%clk 0:17:15]} g5
{[%clk 0:22:41]} 37. Nd2 {[%clk 0:16:46]} Kg6 {[%clk 0:22:16]} 38. d6
{[%clk 0:15:21]} Bf8 {[%clk 0:22:35]} 39. a4 {[%clk 0:14:37]} a6 {[%clk 0:22:16]}
40. Rd5 {[%clk 0:12:39]} Kf5 {[%clk 0:20:31]} 41. Rxc5 {[%clk 0:12:07]} b6
{[%clk 0:17:51]} 42. Rc6 {[%clk 0:12:04]} Kxe5 {[%clk 0:17:05]} 43. Nc4+
{[%clk 0:12:09]} Kd5 {[%clk 0:16:51]} 44. Rxb6 {[%clk 0:12:24]} Ra8
{[%clk 0:16:01]} 45. d7 {[%clk 0:11:45]} Bc5+ {[%clk 0:15:56]} 46. Kh1
{[%clk 0:12:04]} Rd8 {[%clk 0:15:09]} 47. Rxh6 {[%clk 0:11:13]} Rxd7
{[%clk 0:15:18]} 48. Rg6 {[%clk 0:09:14]} Ke4 {[%clk 0:15:15]} 49. Re6+
{[%clk 0:08:48]} Kf5 {[%clk 0:15:17]} 50. Re5+ {[%clk 0:09:11]} 1-0

[Event "Mistrovstvi Cech 2019 - U14"]
[Site "?"]
[Date "2019.10.26"]
[Round "1.5"]
[White "Svejda, Karel"]
[Black "Winter, Ondrej"]
[Result "0-1"]
[BlackElo "1806"]
[WhiteElo "1389"]
[LiveChessVersion "1.4.8"]

1. e4 c5 2. Nf3 Nc6 3. d4 cxd4 4. Nxd4 g6 5. Nc3 Bg7 6. Be3 Nf6 7. Be2 O-O 8. O-O
d6 9. f4 Bd7 10. f5 Ne5 11. h3 Bc6 12. Nxc6 bxc6 13. Qd2 Qc7 14. Rad1 Rab8 15. b3
Rfd8 16. Qe1 Rd7 17. fxg6 hxg6 18. Bf4 Qa5 19. Qg3 Rbd8 20. a4 Nh7 21. Nb1 Qc5+
22. Kh1 Qxc2 23. Nd2 Qc5 24. Rc1 Qb6 25. Nc4 Nxc4 26. Bxc4 e6 27. Rcd1 d5 28.
exd5 exd5 29. Be2 Re8 30. Bg4 Rb7 31. Rd3 Nf6 32. Rdf3 Ne4 33. Qh4 f5 34. Bh6 Bf6
0-1

[Event "Mistrovstvi Cech 2019 - U14"]
[Site "?"]
[Date "2019.10.26"]
[Round "1.7"]
[White "Hauser, Matthias"]
[Black "Prochazka, Vojtech"]
[Result "1/2-1/2"]
[BlackElo "1763"]
[WhiteElo "1383"]
[LiveChessVersion "1.4.8"]

1. e4 e5 2. Nf3 Nc6 3. Bc4 Bc5 4. c3 Nf6 5. d4 exd4 6. cxd4 Bb4+ 7. Bd2 Nxe4 8.
Bxb4 Nxb4 9. Bxf7+ Kxf7 10. Qb3+ d5 11. Ne5+ Ke6 12. Qxb4 Qf8 13. Qxf8 Rxf8 14.
f3 Nf6 15. Nc3 Bd7 16. Kd2 Kd6 17. Nxd7 Kxd7 18. Rhe1 Rfe8 19. Re5 c6 20. Rae1 g6
21. a3 Nh5 22. g3 1/2-1/2

[Event "Mistrovstvi Cech 2019 - U14"]
[Site "?"]
[Date "2019.10.26"]
[Round "1.8"]
[White "Stocek, Martin"]
[Black "Cervenka, Jakub"]
[Result "1-0"]
[BlackElo "1378"]
[WhiteElo "1726"]
[LiveChessVersion "1.4.8"]

1. d4 {[%clk 1:30:55]} d5 {[%clk 1:30:50]} 2. c4 {[%clk 1:31:16]} e6
{[%clk 1:31:15]} 3. Nc3 {[%clk 1:31:38]} Bb4 {[%clk 1:30:27]} 4. Qb3
{[%clk 1:28:50]} Bxc3+ {[%clk 1:29:25]} 5. bxc3 {[%clk 1:29:09]} Ne7
{[%clk 1:28:23]} 6. Ba3 {[%clk 1:28:52]} Nbc6 {[%clk 1:26:57]} 7. e3
{[%clk 1:25:08]} O-O {[%clk 1:24:38]} 8. cxd5 {[%clk 1:24:23]} exd5
{[%clk 1:23:49]} 9. Nf3 {[%clk 1:23:18]} Re8 {[%clk 1:19:46]} 10. Bd3
{[%clk 1:22:15]} Bf5 {[%clk 1:18:55]} 11. Bxe7 {[%clk 1:13:08]} Nxe7
{[%clk 1:19:10]} 12. Bxf5 {[%clk 1:07:10]} Nxf5 {[%clk 1:19:29]} 13. Qxb7
{[%clk 0:48:57]} Qd6 {[%clk 1:11:42]} 14. Qb4 {[%clk 0:45:17]} Qd7
{[%clk 1:06:19]} 15. O-O {[%clk 0:45:01]} Rab8 {[%clk 1:03:46]} 16. Qa3
{[%clk 0:44:59]} c6 {[%clk 0:59:57]} 17. Qa4 {[%clk 0:43:57]} Rb5
{[%clk 0:56:36]} 18. c4 {[%clk 0:42:21]} dxc4 {[%clk 0:56:04]} 19. Qxc4
{[%clk 0:42:40]} Qb7 {[%clk 0:56:02]} 20. Rac1 {[%clk 0:40:56]} Re6
{[%clk 0:55:42]} 21. Rfd1 {[%clk 0:36:43]} Nd6 {[%clk 0:55:25]} 22. Qxc6
{[%clk 0:35:30]} Qxc6 {[%clk 0:55:25]} 23. Rxc6 {[%clk 0:35:55]} h6
{[%clk 0:55:35]} 24. h3 {[%clk 0:36:03]} Ra5 {[%clk 0:55:55]} 25. Rc2
{[%clk 0:35:28]} Ne4 {[%clk 0:55:57]} 26. Nd2 {[%clk 0:35:26]} Nf6
{[%clk 0:55:44]} 27. Nb3 {[%clk 0:35:21]} Rb5 {[%clk 0:55:28]} 28. Rc8+
{[%clk 0:34:53]} Kh7 {[%clk 0:55:55]} 29. Rc7 {[%clk 0:35:08]} Ra6
{[%clk 0:55:44]} 30. Rd2 {[%clk 0:34:08]} Ne4 {[%clk 0:55:20]} 31. Rdc2
{[%clk 0:33:57]} Kg6 {[%clk 0:55:16]} 32. Nc5 {[%clk 0:33:04]} Rb1+
{[%clk 0:54:42]} 33. Kh2 {[%clk 0:33:17]} Nxc5 {[%clk 0:55:06]} 34. R7xc5
{[%clk 0:33:36]} Ra1 {[%clk 0:55:12]} 35. Rc6+ {[%clk 0:31:13]} Rxc6
{[%clk 0:55:32]} 36. Rxc6+ Kh7 {[%clk 0:55:39]} 37. Ra6 {[%clk 0:32:02]} Rf1
{[%clk 0:55:30]} 38. Kg3 {[%clk 0:32:25]} 1-0

[Event "Mistrovstvi Cech 2019 - U14"]
[Site "?"]
[Date "2019.10.26"]
[Round "1.9"]
[White "Sulcova, Tereza Radmila"]
[Black "Prazak, Daniel"]
[Result "0-1"]
[BlackElo "1725"]
[WhiteElo "1369"]
[LiveChessVersion "1.4.8"]

1. d4 {[%clk 1:30:52]} d5 {[%clk 1:30:46]} 2. Nf3 {[%clk 1:31:08]} Nf6
{[%clk 1:30:55]} 3. e3 {[%clk 1:31:05]} e6 {[%clk 1:30:41]} 4. Bd3
{[%clk 1:31:10]} Bd6 {[%clk 1:29:22]} 5. Nbd2 {[%clk 1:30:57]} Nbd7
{[%clk 1:26:47]} 6. O-O {[%clk 1:30:33]} c5 {[%clk 1:23:34]} 7. c3
{[%clk 1:29:08]} O-O {[%clk 1:21:26]} 8. e4 {[%clk 1:18:38]} dxe4
{[%clk 1:14:56]} 9. Nxe4 {[%clk 1:17:26]} Nxe4 {[%clk 1:09:41]} 10. Bxe4
{[%clk 1:16:52]} Nf6 {[%clk 1:06:01]} 11. Bg5 {[%clk 1:12:11]} h6
{[%clk 1:00:00]} 12. Bxf6 {[%clk 1:07:26]} Qxf6 {[%clk 0:57:46]} 13. Qb3
{[%clk 1:04:07]} cxd4 {[%clk 0:52:10]} 14. Nxd4 {[%clk 1:00:41]} Qf4
{[%clk 0:47:06]} 15. Rfe1 {[%clk 0:57:56]} Qxh2+ {[%clk 0:45:38]} 16. Kf1
{[%clk 0:58:24]} a6 {[%clk 0:38:19]} 17. Rad1 {[%clk 0:56:13]} Bc5
{[%clk 0:35:16]} 18. Qc4 {[%clk 0:41:02]} Ba7 {[%clk 0:29:45]} 19. Rd3
{[%clk 0:34:47]} e5 {[%clk 0:24:04]} 20. Nf3 {[%clk 0:31:11]} Qh1+
{[%clk 0:22:02]} 21. Ng1 {[%clk 0:31:05]} Be6 {[%clk 0:20:50]} 22. Bd5
{[%clk 0:28:08]} Rac8 {[%clk 0:15:45]} 23. Qe4 {[%clk 0:26:51]} Bxd5
{[%clk 0:12:02]} 24. Qxd5 {[%clk 0:25:07]} Qh4 {[%clk 0:11:57]} 25. Rg3
{[%clk 0:24:52]} Rc6 {[%clk 0:10:42]} 26. Qxe5 {[%clk 0:21:58]} Rf6
{[%clk 0:08:29]} 27. Nf3 {[%clk 0:17:45]} Qc4+ {[%clk 0:07:38]} 28. Kg1
{[%clk 0:17:02]} Bb8 {[%clk 0:07:03]} 29. Qxf6 {[%clk 0:16:17]} Bxg3
{[%clk 0:07:16]} 30. Qb6 {[%clk 0:16:24]} Bb8 {[%clk 0:06:57]} 31. Qxb7
{[%clk 0:15:45]} Qxa2 {[%clk 0:06:54]} 32. Ne5 {[%clk 0:14:00]} Re8
{[%clk 0:05:28]} 33. Nf3 {[%clk 0:12:13]} Rf8 {[%clk 0:05:14]} 34. Nd4
{[%clk 0:11:41]} Bf4 {[%clk 0:04:55]} 35. Nc6 {[%clk 0:10:50]} a5
{[%clk 0:04:10]} 36. g3 {[%clk 0:10:23]} Bg5 {[%clk 0:04:24]} 37. Nd4
{[%clk 0:08:54]} a4 {[%clk 0:03:28]} 38. Qb4 {[%clk 0:08:32]} Bf6
{[%clk 0:01:56]} 39. Nc2 {[%clk 0:08:16]} Qb3 {[%clk 0:01:48]} 40. Qxb3
{[%clk 0:07:43]} axb3 {[%clk 0:02:10]} 41. Na1 {[%clk 0:08:07]} Rc8
{[%clk 0:01:41]} 42. Re2 {[%clk 0:08:11]} Rb8 {[%clk 0:01:30]} 43. Kf1
{[%clk 0:07:50]} Bxc3 {[%clk 0:01:49]} 44. Re3 {[%clk 0:02:25]} Bxb2
{[%clk 0:02:05]} 45. Nxb3 {[%clk 0:02:46]} f6 {[%clk 0:02:17]} 46. Ke2
{[%clk 0:02:42]} Kf7 {[%clk 0:02:39]} 47. Kd3 {[%clk 0:02:55]} Rxb3+
{[%clk 0:03:04]} 48. Kd4 0-1

[Event "Mistrovstvi Cech 2019 - U14"]
[Site "?"]
[Date "2019.10.26"]
[Round "1.10"]
[White "Papousek, Michal"]
[Black "Rezek, Filip"]
[Result "1/2-1/2"]
[BlackElo "1368"]
[WhiteElo "1717"]
[LiveChessVersion "1.4.8"]

1. c4 {[%clk 1:30:53]} c6 {[%clk 1:30:58]} 2. Nf3 {[%clk 1:28:27]} d5
{[%clk 1:29:41]} 3. cxd5 {[%clk 1:26:22]} cxd5 {[%clk 1:27:23]} 4. d4
{[%clk 1:22:27]} Nc6 {[%clk 1:21:29]} 5. Bf4 {[%clk 1:20:37]} e6 {[%clk 1:15:30]}
6. e3 {[%clk 1:12:34]} Bd6 {[%clk 1:11:50]} 7. Bg3 {[%clk 1:08:20]} Nge7
{[%clk 1:08:20]} 8. Bd3 {[%clk 1:05:29]} h6 {[%clk 1:07:18]} 9. Nc3
{[%clk 1:03:33]} a6 {[%clk 1:05:46]} 10. O-O {[%clk 1:00:33]} O-O
{[%clk 1:02:46]} 11. Rc1 {[%clk 0:57:43]} b5 {[%clk 0:56:19]} 12. e4
{[%clk 0:47:31]} Bb8 {[%clk 0:49:36]} 13. Re1 {[%clk 0:37:28]} Nb4
{[%clk 0:43:34]} 14. Bb1 {[%clk 0:33:07]} Bb7 {[%clk 0:42:14]} 15. a3
{[%clk 0:28:40]} dxe4 {[%clk 0:39:12]} 16. Ne5 {[%clk 0:20:53]} Nbc6
{[%clk 0:28:26]} 17. Bxe4 {[%clk 0:20:16]} Ra7 {[%clk 0:25:18]} 18. Nxc6
{[%clk 0:18:23]} Bxc6 {[%clk 0:23:10]} 19. Bxb8 {[%clk 0:17:28]} Qxb8
{[%clk 0:23:04]} 20. Bxc6 {[%clk 0:17:30]} Nxc6 {[%clk 0:23:17]} 21. d5
{[%clk 0:16:43]} Rd7 {[%clk 0:18:37]} 22. Qf3 {[%clk 0:15:49]} exd5
{[%clk 0:16:41]} 23. Nxd5 {[%clk 0:14:54]} Ne5 {[%clk 0:13:20]} 24. Qb3
{[%clk 0:14:16]} Rfd8 {[%clk 0:12:17]} 25. Nb4 {[%clk 0:12:57]} Qd6
{[%clk 0:11:19]} 26. h3 {[%clk 0:11:44]} 1/2-1/2

[Event "Mistrovstvi Cech 2019 - U14"]
[Site "?"]
[Date "2019.10.26"]
[Round "1.11"]
[White "Svoboda, Jan"]
[Black "Werner, Hong Quan Dan"]
[Result "0-1"]
[BlackElo "1699"]
[WhiteElo "1368"]
[LiveChessVersion "1.4.8"]

1. c4 g6 2. Nf3 Bg7 3. g3 Nf6 4. Bg2 d6 5. Nc3 O-O 6. O-O e5 7. d4 Nfd7 8. d5 a5
9. e4 h6 10. Nh4 Nc5 11. f4 exf4 12. Qc2 fxg3 13. hxg3 Nbd7 14. Be3 Kh7 15. Rae1
Be5 16. Rf3 Nb6 17. Ne2 Bg4 18. Rff1 Bxe2 19. Rxe2 Bxg3 20. Nf3 Qe7 21. Bxc5 dxc5
22. e5 Rae8 23. e6 Nc8 24. exf7 Qxe2 25. fxe8=Q Rxe8 26. Nd2 Nd6 27. b3 Be1 28.
Rf6 Rg8 29. Bf3 Qf2+ 30. Kh1 Qh4+ 0-1

[Event "Mistrovstvi Cech 2019 - U14"]
[Site "?"]
[Date "2019.10.26"]
[Round "1.12"]
[White "Stejskal, Michal"]
[Black "Nespurek, Jakub"]
[Result "1-0"]
[BlackElo "1365"]
[WhiteElo "1691"]
[LiveChessVersion "1.4.8"]

1. e4 {[%clk 1:30:56]} e5 {[%clk 1:30:52]} 2. Nf3 {[%clk 1:31:04]} Nc6
{[%clk 1:31:03]} 3. Bb5 {[%clk 1:31:16]} d6 {[%clk 1:30:49]} 4. O-O
{[%clk 1:30:15]} Bd7 {[%clk 1:30:47]} 5. c3 {[%clk 1:28:32]} a6 {[%clk 1:27:13]}
6. Ba4 {[%clk 1:27:34]} Bg4 {[%clk 1:22:52]} 7. d4 {[%clk 1:21:31]} b5
{[%clk 1:17:34]} 8. Bb3 {[%clk 1:19:32]} Qf6 {[%clk 1:13:00]} 9. Bg5
{[%clk 1:13:55]} Bxf3 {[%clk 1:12:11]} 10. Qxf3 {[%clk 1:11:32]} Qxf3
{[%clk 1:12:34]} 11. gxf3 {[%clk 1:11:45]} exd4 12. Bd5 Kd7 {[%clk 1:10:56]} 13.
Bxc6+ {[%clk 1:10:49]} Kxc6 {[%clk 1:11:00]} 14. cxd4 {[%clk 1:09:48]} Be7
{[%clk 1:10:17]} 15. Be3 {[%clk 1:07:12]} Bf6 {[%clk 1:09:36]} 16. Nc3
{[%clk 1:01:58]} Ne7 {[%clk 1:07:18]} 17. Rac1 {[%clk 1:00:36]} Kb7
{[%clk 1:06:30]} 18. Rc2 {[%clk 0:56:08]} g5 {[%clk 1:06:00]} 19. Rfc1
{[%clk 0:55:19]} Rac8 {[%clk 1:04:43]} 20. Ne2 {[%clk 0:52:51]} h5
{[%clk 1:04:13]} 21. Bd2 {[%clk 0:45:30]} Rhg8 {[%clk 1:01:03]} 22. Ba5
{[%clk 0:44:19]} c6 {[%clk 1:01:05]} 23. Bb4 {[%clk 0:43:43]} Rgd8
{[%clk 0:58:19]} 24. e5 {[%clk 0:40:52]} Bg7 {[%clk 0:55:53]} 25. Bxd6
{[%clk 0:39:16]} Nf5 {[%clk 0:55:34]} 26. Bc5 {[%clk 0:39:11]} Bh6
{[%clk 0:52:04]} 27. Ng3 {[%clk 0:37:07]} Nh4 {[%clk 0:49:32]} 28. Rd1
{[%clk 0:27:06]} Nxf3+ {[%clk 0:49:20]} 29. Kg2 {[%clk 0:26:18]} Nxe5
{[%clk 0:47:20]} 30. Nf5 {[%clk 0:26:14]} Nd7 {[%clk 0:44:56]} 31. Nxh6
{[%clk 0:26:05]} Nxc5 {[%clk 0:45:04]} 32. Rxc5 {[%clk 0:26:29]} f6
{[%clk 0:43:42]} 33. h4 {[%clk 0:25:06]} Rd5 {[%clk 0:42:35]} 34. Rxd5
{[%clk 0:23:12]} cxd5 {[%clk 0:42:51]} 35. Rd2 {[%clk 0:23:23]} gxh4
{[%clk 0:42:01]} 36. Kh3 {[%clk 0:22:38]} Rc1 {[%clk 0:41:29]} 37. Ng8
{[%clk 0:20:50]} f5 {[%clk 0:40:56]} 38. Nf6 {[%clk 0:20:28]} Kc6
{[%clk 0:40:04]} 39. Nxh5 {[%clk 0:20:16]} Kd6 {[%clk 0:38:27]} 40. Kxh4
{[%clk 0:20:11]} Rg1 {[%clk 0:38:32]} 41. Ng3 {[%clk 0:19:09]} f4
{[%clk 0:37:47]} 42. Nh5 {[%clk 0:18:23]} Ke6 {[%clk 0:37:15]} 43. Re2+
{[%clk 0:18:32]} Kf5 {[%clk 0:36:31]} 44. Re5+ {[%clk 0:18:45]} Kg6
{[%clk 0:36:37]} 45. Nxf4+ {[%clk 0:19:07]} 1-0

[Event "Mistrovstvi Cech 2019 - U14"]
[Site "?"]
[Date "2019.10.26"]
[Round "1.13"]
[White "Kodet, Jaromir"]
[Black "Benes, Jachym"]
[Result "0-1"]
[BlackElo "1656"]
[WhiteElo "1362"]
[LiveChessVersion "1.4.8"]

1. e4 {[%clk 1:30:33]} e5 {[%clk 1:30:47]} 2. f4 {[%clk 1:30:55]} exf4
{[%clk 1:31:09]} 3. Nf3 {[%clk 1:31:18]} d5 {[%clk 1:31:31]} 4. Nc3
{[%clk 1:31:20]} Nf6 {[%clk 1:30:20]} 5. exd5 {[%clk 1:29:27]} Nxd5
{[%clk 1:30:43]} 6. Bc4 {[%clk 1:28:08]} Be6 {[%clk 1:28:05]} 7. Nxd5
{[%clk 1:27:35]} Bxd5 {[%clk 1:26:46]} 8. Bxd5 {[%clk 1:25:39]} Qxd5
{[%clk 1:27:03]} 9. O-O {[%clk 1:26:01]} Nc6 {[%clk 1:25:55]} 10. c3
{[%clk 1:26:04]} O-O-O {[%clk 1:24:17]} 11. d4 {[%clk 1:26:18]} g5
{[%clk 1:24:11]} 12. Ne1 {[%clk 1:22:42]} f5 {[%clk 1:11:31]} 13. Qh5
{[%clk 1:18:15]} h6 {[%clk 1:08:37]} 14. Nd3 {[%clk 1:17:15]} Bg7
{[%clk 0:59:40]} 15. b3 {[%clk 1:13:39]} Bxd4+ {[%clk 0:58:49]} 16. Kh1
{[%clk 1:12:11]} Bxc3 {[%clk 0:57:29]} 17. Bxf4 {[%clk 1:05:22]} Bxa1
{[%clk 0:56:20]} 18. Ne5 {[%clk 1:05:05]} Bxe5 {[%clk 0:56:31]} 19. b4
{[%clk 1:05:16]} Bxf4 {[%clk 0:56:47]} 20. b5 {[%clk 1:05:39]} Qxb5
{[%clk 0:57:10]} 21. Rg1 {[%clk 1:05:54]} Ne5 {[%clk 0:57:08]} 22. a4
{[%clk 1:06:07]} Nd3 {[%clk 0:56:37]} 23. g3 {[%clk 1:05:47]} Qc6+
{[%clk 0:54:25]} 24. Rg2 {[%clk 1:05:44]} Ne1 {[%clk 0:53:18]} 25. Qf3
{[%clk 1:05:35]} Qxf3 {[%clk 0:53:30]} 26. gxf4 {[%clk 1:05:16]} Rd2
{[%clk 0:52:54]} 27. h4 {[%clk 1:05:15]} Qf1+ {[%clk 0:53:10]} 28. Kh2
{[%clk 1:05:32]} Qxg2# 0-1

[Event "Mistrovstvi Cech 2019 - U14"]
[Site "?"]
[Date "2019.10.26"]
[Round "1.14"]
[White "Jirasko, Miroslav"]
[Black "Valdman, Jakub"]
[Result "1-0"]
[BlackElo "1357"]
[WhiteElo "1640"]
[LiveChessVersion "1.4.8"]

1. d4 d5 2. c4 e6 3. cxd5 exd5 4. Nc3 Nf6 5. Bg5 Be7 6. Qc2 Nc6 7. e3 a6 8. a3 h6
9. Bh4 Be6 10. Bd3 Qd7 11. Nge2 Nh5 12. Bxe7 Nxe7 13. Ng3 Nf6 14. O-O O-O 15. b4
b5 16. f3 Rfd8 17. Rac1 c6 18. Nb1 a5 19. Nd2 axb4 20. axb4 Ra4 21. Qc3 Rda8 22.
Ra1 Qd6 23. Nb3 Nd7 24. Rxa4 Rxa4 25. Ra1 Qxb4 26. Qxb4 Rxb4 27. Ra8+ Nf8 28. Nc5
Rb2 29. Re8 Neg6 30. Nxe6 fxe6 31. Bxg6 b4 32. Rb8 b3 33. Kf1 Rc2 34. Bxc2 bxc2
35. Ne2 1-0

[Event "Mistrovstvi Cech 2019 - U14"]
[Site "Prichovice u Korenova"]
[Date "2019.10.26"]
[Round "1.15"]
[White "Pisar, Tomas"]
[Black "Pecka, Jan"]
[Result "1-0"]
[WhiteElo "1355"]
[BlackElo "1634"]
[PlyCount "43"]
[EventDate "2019.10.26"]

{[%evp 0,43,21,40,69,12,9,-23,-4,-17,24,24,26,29,16,20,43,11,14,8,8,-16,-13,
-25,12,-16,-10,-10,-23,-23,-26,-39,-26,-39,-31,-43,-44,-74,-56,-87,-85,-94,426,
434,778,800]} 1. e4 c5 2. c3 d5 3. exd5 Qxd5 4. d4 e6 5. Nf3 Nc6 6. Be2 Nf6 7.
O-O Be7 8. h3 O-O 9. Be3 cxd4 10. Nxd4 Nxd4 11. cxd4 Qd7 12. Nc3 b6 13. Bf3 Bb7
14. Bxb7 Qxb7 15. Qb3 Rfd8 16. Rfd1 Nd5 17. Nxd5 Rxd5 18. a4 Qd7 19. Rd3 Bf6
20. Rad1 e5 21. dxe5 Bxe5 22. Rxd5 1-0

[Event "Mistrovstvi Cech 2019 - U14"]
[Site "Prichovice u Korenova"]
[Date "2019.10.26"]
[Round "1.16"]
[White "Vilimek, Vit"]
[Black "Ocenasek, Jan"]
[Result "1-0"]
[WhiteElo "1631"]
[BlackElo "1351"]
[PlyCount "55"]
[EventDate "2019.10.26"]

{[%evp 0,55,21,26,69,48,34,9,28,48,28,14,30,24,24,43,43,43,43,2,33,10,57,10,39,
41,41,41,54,60,29,35,87,-7,78,60,60,14,68,67,119,72,121,130,221,201,678,450,
463,529,723,978,1079,1425,29989,29990,29991,29992]} 1. e4 c5 2. Nf3 Nc6 3. d4
cxd4 4. Nxd4 Nf6 5. Nc3 e5 6. Ndb5 d6 7. Nd5 Nxd5 8. exd5 Ne7 9. c3 Ng6 10. Qa4
Bd7 11. Qb4 Qb8 12. Qc4 Kd8 13. Be3 Be7 14. Be2 f5 15. g3 Rf8 16. O-O-O e4 17.
Bd4 Bf6 18. Qb4 Bxd4 19. Nxd4 Rf6 20. Bb5 Bc8 21. f3 exf3 22. Rhe1 Ne5 23. Ne6+
Bxe6 24. dxe6 Nc6 25. Rxd6+ Kc7 26. Rd7+ Kc8 27. Bxc6 bxc6 28. Qe7 1-0